00257nam a2200109Ia 4500008004100000082001600041100001500057245003100072260002800103300000800131650000800139191201s2007 xx 000 0 und d a658.87bCOR aCOX, Roger 0aRetailing: An Introduction aN. DelhibPearsonc2007 a348 aBBA